000
00201nam a2200085Ia 4500
008
120527s9999 xx 000 0 und d
100
_a
BRYANT,A.John.
245
_a
DNA replication in plants.
942
_c
BK
999
_c
23897
_d
23897